000
00293nam a22001217a 4500
008
180730b xxu||||| |||| 00| 0 eng d
082
_a
813.52
245
_a
Essentials of Interactive Physiology
_b
Cummings,B
260
_c
2012
300
_a
1
_f
CD
440
_x
9780321696076
942
_2
ddc
_c
MX
999
_c
46654
_d
46654